00531 2200205 4500001002100000005001700021008004100038035002600079245002100105100002100126250000600147260004700153300003300200020002200233082000800255084000800263650002400271990001500295990001500310INLIS00000000000019020191229190245.0191229| ||| | ind  a 0010-12190000000019000cDavidson, Andrew0 aDavidson, Andrew a1 aJakarta : KanterabJakarta : Kanterac2009 a602hlm.;23cm ;c602hlm.;23cm a978-979-19240-1-60 a800 a813 0aFiksi Indonesia 813 aB201202781 aB201202783